Kranti Nation:India and the fourth industrial Revolution (Record no. 3106)

MARC details
000 -LEADER
fixed length control field 00378nam a2200145Ia 4500
008 - FIXED-LENGTH DATA ELEMENTS--GENERAL INFORMATION
fixed length control field 230525s9999 xx 000 0 und d
020 ## - INTERNATIONAL STANDARD BOOK NUMBER
International Standard Book Number 9789386215185
082 ## - DEWEY DECIMAL CLASSIFICATION NUMBER
Classification number 909
Item number SHAK
100 ## - MAIN ENTRY--PERSONAL NAME
Personal name SHARMA, Pranjal
245 #0 - TITLE STATEMENT
Title Kranti Nation:India and the fourth industrial Revolution
260 ## - PUBLICATION, DISTRIBUTION, ETC.
Place of publication, distribution, etc. Delhi
Name of publisher, distributor, etc. Macmillan
Date of publication, distribution, etc. 2017
300 ## - PHYSICAL DESCRIPTION
Extent 263
650 ## - SUBJECT ADDED ENTRY--TOPICAL TERM
Topical term or geographic name entry element World History
942 ## - ADDED ENTRY ELEMENTS (KOHA)
Koha item type Book
Holdings
Withdrawn status Lost status Source of classification or shelving scheme Damaged status Not for loan Home library Current library Date acquired Source of acquisition Cost, normal purchase price Full call number Barcode Date last seen Price effective from Koha item type Public note
    Dewey Decimal Classification     RIC Library RIC Library 05/25/2023 HCM RIPA 599.00 909 SHAK 002416 05/25/2023 05/25/2023 Book R-16.1

Venue

Rajasthan International Centre
Sansthan Path,JLN Marg, Jaipur- 302017
Phone: +91-7230904025